| 000 | 00593cam a2200241ua 4500 | ||
|---|---|---|---|
| 020 | _cRs.4/- | ||
| 041 |
_aeng _h |
||
| 082 |
_a530 _bOUS/TE |
||
| 100 | _aOuseph, C C. | ||
| 245 |
_aText book of physics for the pre-degree course, Part-II / _cC.C Ouseph. _hTextual Documents |
||
| 250 |
_a1 / _b. |
||
| 260 |
_aChennai : _bS.Viswanathan , _c1967. |
||
| 300 | _a352 ; . | ||
| 365 | _aRs.4/- | ||
| 504 | _a | ||
| 700 | 1 | _aDevassey, C P. | |
| 942 | _cBK | ||
| 999 |
_c238 _d238 |
||